Lehrbuch der Funktionentheorie /
Guardado en:
| Autor Principal: | |
|---|---|
| Formato: | Libro |
| Idioma: | German |
| Publicado: |
Leipzig,
1921-1931
|
| Series: | Bibliotheca Mathematica Teubneriana ;
Bd. 21-22 |
| Etiquetas: |
Agregar Etiqueta
Sin Etiquetas, Sea el primero en etiquetar este registro!
|
| LEADER | 00892nam a22001935a 4500 | ||
|---|---|---|---|
| 001 | MAT.inmabb001876 | ||
| 008 | 031230r19681921gw############001#0#ger#d | ||
| 005 | 20170517144325.0 | ||
| 245 | 1 | 0 | |a Lehrbuch der Funktionentheorie / |c von Ludwig Bieberbach. |
| 260 | |a Leipzig, |c 1921-1931 |e (New York : |f Johnson Reprint Corporation, |g 1968) | ||
| 300 | |a 2 v. ; |c 24 cm. | ||
| 440 | 0 | |a Bibliotheca Mathematica Teubneriana ; |v Bd. 21-22 | |
| 500 | |a El 1er vol. reproduce la obra originalmente publicada en 1921, mientras que el 2º vol. reproduce la 2ª ed. del 2º volumen de la obra (1931), cuya 1ª ed. es de 1927. | ||
| 505 | 0 | |a Bd. I. Elemente der Funktionentheorie -- Bd. II. Moderne Funktionentheorie. | |
| 510 | 4 | |a MR, |c 40 #2823a | |
| 100 | 1 | |a Bieberbach, Ludwig, |d 1886- | |
| 084 | |a 30.00 |2 MR | ||
| 859 | |h 30 |i B586 |p A-3353 |v 1 |3 Band I |b BIB. MATEMATICA | ||
| 859 | |h 30 |i B586 |p A-3354 |v 2 |3 Band II |b BIB. MATEMATICA | ||
